My sweet tom girl (Record no. 134260)
[ view plain ]
| 000 -LEADER | |
|---|---|
| fixed length control field | 00717nam a2200265 i 4500 |
| 001 - CONTROL NUMBER | |
| control field | C2-0336516 |
| 003 - CONTROL NUMBER IDENTIFIER | |
| control field | PPAK |
| 005 - DATE AND TIME OF LATEST TRANSACTION | |
| control field | 20180728135423.0 |
| 008 - FIXED-LENGTH DATA ELEMENTS--GENERAL INFORMATION | |
| fixed length control field | 160623s2016 my |||| ||||| | may d |
| 020 ## - INTERNATIONAL STANDARD BOOK NUMBER | |
| International Standard Book Number | 9789674462277 |
| 040 ## - CATALOGING SOURCE | |
| Original cataloging agency | PPAK |
| Language of cataloging | eng |
| Transcribing agency | PPAK |
| Description conventions | rda |
| 082 04 - DEWEY DECIMAL CLASSIFICATION NUMBER | |
| Classification number | 899.233 |
| Edition number | 23 |
| 090 00 - LOCALLY ASSIGNED LC-TYPE CALL NUMBER (OCLC); LOCAL CALL NUMBER (RLIN) | |
| Classification number (OCLC) (R) ; Classification number, CALL (RLIN) (NR) | 899.233 |
| Feature heading | ZUL |
| Feature heading | G |
| 100 0# - MAIN ENTRY--PERSONAL NAME | |
| Personal name | Zulfati Hanis, |
| Relator term | author |
| 245 10 - TITLE STATEMENT | |
| Title | My sweet tom girl |
| 250 ## - EDITION STATEMENT | |
| Edition statement | Edisi 1 |
| 264 #1 - PRODUCTION, PUBLICATION, DISTRIBUTION, MANUFACTURE, AND COPYRIGHT NOTICE | |
| Place of production, publication, distribution, manufacture | Shah Alam, Selangor : |
| Name of producer, publisher, distributor, manufacturer | Grup Buku Karangkraf , |
| Date of production, publication, distribution, manufacture, or copyright notice | 2016 |
| 300 ## - PHYSICAL DESCRIPTION | |
| Extent | 636 pages ; |
| Dimensions | 19 cm |
| 336 ## - CONTENT TYPE | |
| Source | rdacontent |
| Content type term | text |
| 337 ## - MEDIA TYPE | |
| Source | rdamedia |
| Media type term | unmediated |
| 338 ## - CARRIER TYPE | |
| Source | rdacarrier |
| Carrier type term | volume |
| 650 10 - SUBJECT ADDED ENTRY--TOPICAL TERM | |
| Topical term or geographic name entry element | Malay fiction. |
| 700 0# - ADDED ENTRY--PERSONAL NAME | |
| Personal name | Mohd Zuhaili Mat Junoh, |
| Relator term | editor |
| 942 ## - ADDED ENTRY ELEMENTS (KOHA) | |
| -- | dc |
| Koha item type | Book |
| Withdrawn | Not for loan | Current library | Shelving location | Date acquired | Total Checkouts | Total Renewals | Full call number | Barcode | Date last seen | Date last checked out | Koha item type | Checked out |
|---|---|---|---|---|---|---|---|---|---|---|---|---|
| Perpustakaan Alor Setar | Pinjaman Dewasa | 03/07/2016 | 14 | 2 | 899.233 ZUL | A01480445 | 20/02/2025 | 12/01/2025 | Book | |||
| Perpustakaan Awam Sungai Petani | Pinjaman Dewasa | 03/07/2016 | 12 | 3 | 899.233 ZUL | A01480446 | 29/07/2023 | 29/07/2023 | Book | 19/08/2023 | ||
| Perpustakaan Baling | Pinjaman Dewasa | 03/07/2016 | 15 | 3 | 899.233 ZUL | A01480449 | 31/01/2026 | 21/12/2025 | Book | |||
| Perpustakaan Bandar Baharu | Pinjaman Dewasa | 03/07/2016 | 899.233 ZUL | A01480452 | 09/05/2018 | Book | ||||||
| Perpustakaan Jitra | Pinjaman Dewasa | 03/07/2016 | 3 | 899.233 ZUL | A01480447 | 09/09/2020 | 21/07/2020 | Book | ||||
| Perpustakaan Kuala Nerang | Pinjaman Dewasa | 03/07/2016 | 4 | 1 | 899.233 ZUL | A01480456 | 19/10/2022 | 06/09/2022 | Book | |||
| Perpustakaan Kulim | Pinjaman Dewasa | 03/07/2016 | 18 | 1 | 899.233 ZUL | A01480448 | 18/12/2022 | 07/12/2022 | Book | |||
| Perpustakaan Langkawi | Pinjaman Dewasa | 03/07/2016 | 6 | 1 | 899.233 ZUL | A01480451 | 30/08/2022 | 09/08/2022 | Book | |||
| Perpustakaan Merbok | Pinjaman Dewasa | 03/07/2016 | 4 | 899.233 ZUL | A01480454 | 28/07/2024 | 02/07/2024 | Book | ||||
| Perpustakaan Pendang | Pinjaman Dewasa | 03/07/2016 | 899.233 ZUL | A01480455 | 09/05/2018 | Book | ||||||
| Perpustakaan Sik | Pinjaman Dewasa | 03/07/2016 | 3 | 899.233 ZUL | A01480453 | 19/03/2024 | 27/02/2024 | Book | ||||
| Perpustakaan Yan | Pinjaman Dewasa | 03/07/2016 | 899.233 ZUL | A01480450 | 09/05/2018 | Book |